| 000 -LEADER |
| fixed length control field |
01341nam a2200277Ia 4500 |
| 001 - CONTROL NUMBER |
| control field |
922 |
| 003 - CONTROL NUMBER IDENTIFIER |
| control field |
GE_BSU |
| 005 - DATE AND TIME OF LATEST TRANSACTION |
| control field |
20251009154905.0 |
| 008 - FIXED-LENGTH DATA ELEMENTS--GENERAL INFORMATION |
| fixed length control field |
181216s2008||||ru |||||||||||||| ||rus|| |
| 020 ## - INTERNATIONAL STANDARD BOOK NUMBER |
| International Standard Book Number |
978913220141 |
| 040 ## - CATALOGING SOURCE |
| Transcribing agency |
GE_BSU |
| 041 ## - LANGUAGE CODE |
| Language code of text/sound track or separate title |
rus |
| 080 ## - UNIVERSAL DECIMAL CLASSIFICATION NUMBER |
| Universal Decimal Classification number |
617.5(075.8) К-49 |
| 100 ## - MAIN ENTRY--PERSONAL NAME |
| Personal name |
Воробьев,А.А.и др. |
| 9 (RLIN) |
26002 |
| 245 ## - TITLE STATEMENT |
| Title |
Клиническая анатомия и оперативная хирургия головы и шеи : |
| Remainder of title |
Уч-к для студ.I-II курсов стоматологического фак-та / |
| Statement of responsibility, etc. |
Воробьев А.А., Коневский А.Г., Дмитриенко С.В., Краюшкин А.И.; Волгоградский гос. медицинский ун-т |
| 264 ## - PRODUCTION, PUBLICATION, DISTRIBUTION, MANUFACTURE, AND COPYRIGHT NOTICE |
| Place of production, publication, distribution, manufacture |
СПБ : |
| Name of producer, publisher, distributor, manufacturer |
ЭЛБИ-СПБ, |
| Date of production, publication, distribution, manufacture, or copyright notice |
2008. |
| 300 ## - PHYSICAL DESCRIPTION |
| Extent |
259 стр. |
| Other physical details |
25 см. |
| 653 ## - INDEX TERM--UNCONTROLLED |
| keyword |
კისრისა და თავის კლინიკური ანატომია |
| 700 ## - ADDED ENTRY--PERSONAL NAME |
| Personal name |
Воробьев, А.А. |
| Relator term |
ავტორი |
| 9 (RLIN) |
26003 |
| 700 ## - ADDED ENTRY--PERSONAL NAME |
| Personal name |
Коневский, А.Г. |
| Relator term |
ავტორი |
| 9 (RLIN) |
26004 |
| 700 ## - ADDED ENTRY--PERSONAL NAME |
| Personal name |
Дмитриенко С.В. |
| Relator term |
ავტორი |
| 9 (RLIN) |
26005 |
| 700 ## - ADDED ENTRY--PERSONAL NAME |
| Personal name |
Краюшкин, А.И. |
| Relator term |
ავტორი |
| 9 (RLIN) |
26006 |
| 710 ## - ADDED ENTRY--CORPORATE NAME |
| Corporate name or jurisdiction name as entry element |
Волгоградский гос. медицинский ун-т |
| 9 (RLIN) |
26007 |
| 942 ## - ADDED ENTRY ELEMENTS (KOHA) |
| Koha item type |
წიგნი |
| Source of classification or shelving scheme |
|